<?xml version="1.0" encoding="UTF-8"?>
<collection xmlns="http://www.loc.gov/MARC21/slim">
 <record>
  <leader>02996nam a2200277 a 4500</leader>
  <controlfield tag="001">1/44781</controlfield>
  <controlfield tag="008">140630s2005    us            001 0 eng  </controlfield>
  <datafield tag="020" ind1=" " ind2=" ">
   <subfield code="a">9781931836197</subfield>
  </datafield>
  <datafield tag="020" ind1=" " ind2=" ">
   <subfield code="a">1931836191</subfield>
  </datafield>
  <datafield tag="035" ind1=" " ind2=" ">
   <subfield code="l">47735</subfield>
  </datafield>
  <datafield tag="040" ind1=" " ind2=" ">
   <subfield code="a">OPELS</subfield>
   <subfield code="b">eng</subfield>
   <subfield code="c">OPELS</subfield>
   <subfield code="d">OCLCQ</subfield>
   <subfield code="d">OCLCF</subfield>
   <subfield code="d">GR-PeUP</subfield>
  </datafield>
  <datafield tag="100" ind1="1" ind2=" ">
   <subfield code="a">Shinder, Thomas W.</subfield>
  </datafield>
  <datafield tag="245" ind1="1" ind2="0">
   <subfield code="a">Dr Tom Shinder's configuring ISA Server 2004</subfield>
   <subfield code="h">[electronic resource] /</subfield>
   <subfield code="c">Thomas Shinder, Debra Littlejohn Shinder.</subfield>
  </datafield>
  <datafield tag="246" ind1="3" ind2="0">
   <subfield code="a">Configuring ISA Server 2004</subfield>
  </datafield>
  <datafield tag="260" ind1=" " ind2=" ">
   <subfield code="a">Rockland, Mass. ;</subfield>
   <subfield code="a">[Great Britain] :</subfield>
   <subfield code="b">Syngress,</subfield>
   <subfield code="c">2005.</subfield>
  </datafield>
  <datafield tag="300" ind1=" " ind2=" ">
   <subfield code="a">1 online resource (xxxiv, 1022 p.) :</subfield>
   <subfield code="b">ill.</subfield>
  </datafield>
  <datafield tag="520" ind1=" " ind2=" ">
   <subfield code="a">Dr. Tom and Debra Shinder have become synonymous with Microsoft's flagship firewall product ISA Server, as a result of Tom's prominent role as a member of the beta development team, and Tom and Deb's featured placement on both Microsoft's ISA Server Web site and ISAserver.org. Tom and Deb's book on the first release of the product &quot;Configuring ISA Server 2000&quot; dominated the ISA Server 2000 book market having sold over 40,000 copies worldwide, and the ISA Server community is eagerly awaiting Tom and Deb's book on ISA Server 2004, which is the dramatically upgraded new release from Microsoft. Dr. Tom and Debra Shinder have become synonymous with Microsoft's flagship firewall product ISA Server, as a result of Tom's prominent role as a member of the beta development team, and Tom and Deb's featured placement on both Microsoft's ISA Server Web site and ISAserver.org. Tom and Deb's book on the first release of the product &quot;Configuring ISA Server 2000&quot; dominated the ISA Server 2000 book market having sold over 40,000 copies worldwide, and the ISA Server community is eagerly awaiting Tom and Deb's book on ISA Server 2004, which is the dramatically upgraded new release from Microsoft. This book will be featured prominently on the ISAserver.org home page as well as referenced on Microsoft TechNet and ISA Server Web pages. Tom and Deb's unparalleled technical expertise combined with prime on-line marketing opportunities will make this the #1 book again in the ISA Server market. * This book will provide readers with unparalleled information on installing, confiuguring, and troubleshooting ISA Server 2004 by teaching readers to: * Deploy ISA Server 2004 in small businesses and large organizations. * Learn how to configure complex DMZ configurations using ISA Server 2004's new network awareness features and built-in multinetworking capabilities. * Learn how to take advantage of ISA Server 2004's new VPN capabilities!</subfield>
  </datafield>
  <datafield tag="500" ind1=" " ind2=" ">
   <subfield code="a">Includes index.</subfield>
  </datafield>
  <datafield tag="630" ind1="0" ind2="0">
   <subfield code="a">Microsoft ISA server.</subfield>
  </datafield>
  <datafield tag="650" ind1=" " ind2="4">
   <subfield code="a">Client/server computing.</subfield>
  </datafield>
  <datafield tag="655" ind1=" " ind2="4">
   <subfield code="a">Electronic books.</subfield>
  </datafield>
  <datafield tag="700" ind1="1" ind2=" ">
   <subfield code="a">Shinder, Debra Littlejohn.</subfield>
  </datafield>
  <datafield tag="852" ind1=" " ind2=" ">
   <subfield code="a">INST</subfield>
   <subfield code="b">UNIPILB</subfield>
   <subfield code="c">EBOOKS</subfield>
   <subfield code="e">20140630</subfield>
   <subfield code="p">00b47735</subfield>
   <subfield code="q">00b47735</subfield>
   <subfield code="t">ONLINE</subfield>
   <subfield code="y">0</subfield>
  </datafield>
  <datafield tag="856" ind1="4" ind2="0">
   <subfield code="3">ScienceDirect</subfield>
   <subfield code="u">http://www.sciencedirect.com/science/book/9781931836197</subfield>
  </datafield>
  <datafield tag="856" ind1="4" ind2=" ">
   <subfield code="d">/webopac/covers/03/47735_9781931836197.jpg</subfield>
  </datafield>
  <datafield tag="856" ind1="4" ind2=" ">
   <subfield code="d">/webopac/covers/03/47735_1931836191.jpg</subfield>
  </datafield>
 </record>
</collection>
